<?xml version="1.0" encoding="UTF-8"?>
<record
    xmlns:xsi="http://www.w3.org/2001/XMLSchema-instance"
    xsi:schemaLocation="http://www.loc.gov/MARC21/slim http://www.loc.gov/standards/marcxml/schema/MARC21slim.xsd"
    xmlns="http://www.loc.gov/MARC21/slim">

  <leader>00647nam a22002297a 4500</leader>
  <datafield tag="999" ind1=" " ind2=" ">
    <subfield code="c">4737</subfield>
    <subfield code="d">4737</subfield>
  </datafield>
  <controlfield tag="001">12036</controlfield>
  <controlfield tag="003">BD-DhUAP</controlfield>
  <controlfield tag="005">20201118115921.0</controlfield>
  <controlfield tag="008">201118r20072004bg a          001 0 eng d</controlfield>
  <datafield tag="020" ind1=" " ind2=" ">
    <subfield code="a">9788126511136</subfield>
  </datafield>
  <datafield tag="040" ind1=" " ind2=" ">
    <subfield code="a">BD-DhAAL</subfield>
    <subfield code="c">BD-DhAAL</subfield>
    <subfield code="b">eng</subfield>
    <subfield code="d">BD-DhUAP</subfield>
  </datafield>
  <datafield tag="082" ind1="0" ind2="0">
    <subfield code="a">543 CHR</subfield>
    <subfield code="2">23</subfield>
  </datafield>
  <datafield tag="100" ind1=" " ind2=" ">
    <subfield code="a">Christian, Gary D.</subfield>
  </datafield>
  <datafield tag="245" ind1=" " ind2=" ">
    <subfield code="a">Analytical Chemistry /</subfield>
    <subfield code="c">Gary D. Christian.</subfield>
  </datafield>
  <datafield tag="250" ind1=" " ind2=" ">
    <subfield code="a">6th ed.</subfield>
  </datafield>
  <datafield tag="260" ind1=" " ind2=" ">
    <subfield code="a">India :</subfield>
    <subfield code="b">Wiley,</subfield>
    <subfield code="c">c2004 [Reprinted 2007].</subfield>
  </datafield>
  <datafield tag="300" ind1=" " ind2=" ">
    <subfield code="a">xix, 828 pages :</subfield>
    <subfield code="b">illustrations ;</subfield>
    <subfield code="c">24 cm.</subfield>
  </datafield>
  <datafield tag="500" ind1=" " ind2=" ">
    <subfield code="a">Includes index.</subfield>
  </datafield>
  <datafield tag="650" ind1=" " ind2=" ">
    <subfield code="a">Chemistry, Analytic--Quantitative.</subfield>
  </datafield>
  <datafield tag="942" ind1=" " ind2=" ">
    <subfield code="2">ddc</subfield>
    <subfield code="c">BK</subfield>
  </datafield>
  <datafield tag="952" ind1=" " ind2=" ">
    <subfield code="0">0</subfield>
    <subfield code="1">0</subfield>
    <subfield code="2">ddc</subfield>
    <subfield code="4">0</subfield>
    <subfield code="7">0</subfield>
    <subfield code="a">UAPCL</subfield>
    <subfield code="b">UAPCL</subfield>
    <subfield code="c">General Stacks</subfield>
    <subfield code="d">2020-11-18</subfield>
    <subfield code="o">543 CHR</subfield>
    <subfield code="p">3010012036</subfield>
    <subfield code="r">2020-11-18</subfield>
    <subfield code="t">1</subfield>
    <subfield code="w">2020-11-18</subfield>
    <subfield code="y">BK</subfield>
  </datafield>
  <datafield tag="952" ind1=" " ind2=" ">
    <subfield code="0">0</subfield>
    <subfield code="1">0</subfield>
    <subfield code="2">ddc</subfield>
    <subfield code="4">0</subfield>
    <subfield code="7">0</subfield>
    <subfield code="a">UAPCL</subfield>
    <subfield code="b">UAPCL</subfield>
    <subfield code="c">General Stacks</subfield>
    <subfield code="d">2020-11-18</subfield>
    <subfield code="o">543 CHR</subfield>
    <subfield code="p">3010012034</subfield>
    <subfield code="r">2020-11-18</subfield>
    <subfield code="t">2</subfield>
    <subfield code="w">2020-11-18</subfield>
    <subfield code="y">BK</subfield>
  </datafield>
  <datafield tag="952" ind1=" " ind2=" ">
    <subfield code="0">0</subfield>
    <subfield code="1">0</subfield>
    <subfield code="2">ddc</subfield>
    <subfield code="4">0</subfield>
    <subfield code="7">0</subfield>
    <subfield code="a">UAPCL</subfield>
    <subfield code="b">UAPCL</subfield>
    <subfield code="c">General Stacks</subfield>
    <subfield code="d">2020-11-18</subfield>
    <subfield code="o">543 CHR</subfield>
    <subfield code="p">3010012037</subfield>
    <subfield code="r">2020-11-18</subfield>
    <subfield code="t">3</subfield>
    <subfield code="w">2020-11-18</subfield>
    <subfield code="y">BK</subfield>
  </datafield>
  <datafield tag="952" ind1=" " ind2=" ">
    <subfield code="0">0</subfield>
    <subfield code="1">0</subfield>
    <subfield code="2">ddc</subfield>
    <subfield code="4">0</subfield>
    <subfield code="7">0</subfield>
    <subfield code="a">UAPCL</subfield>
    <subfield code="b">UAPCL</subfield>
    <subfield code="c">General Stacks</subfield>
    <subfield code="d">2020-11-18</subfield>
    <subfield code="l">1</subfield>
    <subfield code="o">543 CHR</subfield>
    <subfield code="p">3010012032</subfield>
    <subfield code="r">2024-02-18</subfield>
    <subfield code="s">2024-02-06</subfield>
    <subfield code="t">4</subfield>
    <subfield code="w">2020-11-18</subfield>
    <subfield code="y">BK</subfield>
  </datafield>
  <datafield tag="952" ind1=" " ind2=" ">
    <subfield code="0">0</subfield>
    <subfield code="1">0</subfield>
    <subfield code="2">ddc</subfield>
    <subfield code="4">0</subfield>
    <subfield code="7">0</subfield>
    <subfield code="a">UAPCL</subfield>
    <subfield code="b">UAPCL</subfield>
    <subfield code="c">General Stacks</subfield>
    <subfield code="d">2020-11-18</subfield>
    <subfield code="o">543 CHR</subfield>
    <subfield code="p">3010012033</subfield>
    <subfield code="r">2020-11-18</subfield>
    <subfield code="t">5</subfield>
    <subfield code="w">2020-11-18</subfield>
    <subfield code="y">BK</subfield>
  </datafield>
  <datafield tag="952" ind1=" " ind2=" ">
    <subfield code="0">0</subfield>
    <subfield code="1">0</subfield>
    <subfield code="2">ddc</subfield>
    <subfield code="4">0</subfield>
    <subfield code="7">0</subfield>
    <subfield code="a">UAPCL</subfield>
    <subfield code="b">UAPCL</subfield>
    <subfield code="c">General Stacks</subfield>
    <subfield code="d">2020-11-18</subfield>
    <subfield code="o">543 CHR</subfield>
    <subfield code="p">3010012035</subfield>
    <subfield code="r">2020-11-18</subfield>
    <subfield code="t">6</subfield>
    <subfield code="w">2020-11-18</subfield>
    <subfield code="y">BK</subfield>
  </datafield>
</record>
